000 00878nam2a22002411 4500
001 rc\36122
005 20250620192934.0
010 _a5-87322-090-5
_9100000
035 _a(NLR Aleph) 005385298
090 _a7140357
_c7140357
100 _a20021216d1994 |||y0rusy50 ca
101 0 _arus
102 _aRU
105 _ay |||||||||
200 1 _aБушующий Эдем
_e[Роман
_fПер. Н. Сихарулидзе, Л. Шорыгиной]
210 _d1994
_aБ. м.
215 _a314, [1] с.
461 0 _1001rc\36119
_12001#$aДженнифер Блейк$e[Пер. с англ.]$v[3]
_1700#1$aБлейк$bД.$gДженнифер
_97140332
_aБлейк, Д.
_cМ.
_d1994-
_nОЛМА-пресс
_o[Пер. с англ.]
_tДженнифер Блейк
_v[3]
801 0 _aRU
_bNLR
_gpsbo
801 1 _aRU
_bELAR
_2rusmarc
852 _aNLR
_j94-3/5819
942 _cBOOK
980 _aNB